Roma : la fine dell'arte antica /

Збережено в:
Бібліографічні деталі
Автор: Bianchi Bandinelli, Ranuccio (Автор)
Інші автори: Crescini, Lidia (Перекладач), Lenzini, Marcello (Перекладач)
Формат: Книга
Мова:Італійська мова
Опубліковано: Milano : Rizzoli, 1976
Редагування:2. ed
Серія:BUR. Arte ; 17
Предмети:
Теги: Додати тег
Немає тегів, Будьте першим, хто поставить тег для цього запису!

MARC

LEADER 00000nam a22000007i 4500
001 IT\ICCU\SBL\0021540
003 ItRI
005 20260115231902.0
008 910930s1976 it |||||| ||||| |||||c
015 |2 IT  |a 779842 
020 |a 8817295027 
040 |b ita  |c importazione bologna sebina 
041 7 |a ita  |2 ISO-639-2 
082 |a 709.37  |9 ARTE. ROMA ANTICA  |2 18 
100 1 |a Bianchi Bandinelli, Ranuccio  |0 IT\ICCU\CFIV\024535  |4 aut 
240 1 0 |a Rome, la fin de l'art antique  |3 IT\ICCU\SBL\0021541  |9 Bianchi Bandinelli, Ranuccio 
245 1 0 |a Roma :  |b la fine dell'arte antica /  |c Ranuccio Bianchi Bandinelli. 
250 |a 2. ed 
260 |a Milano :  |b Rizzoli,  |c 1976 
300 |a IX, 462 p. :  |b ill. ;  |c 19 cm 
500 |a Traduzioni di Lidia Crescini e Marcello Lenzini. 
650 7 |a Arte romana  |x Sec. 3.-4. 
700 1 |a Crescini, Lidia  |0 IT\ICCU\RAVV\045949  |4 trl 
700 1 |a Lenzini, Marcello  |0 IT\ICCU\SBLV\013396  |4 trl 
830 0 |a BUR. Arte ;  |v 17  |0 IT\ICCU\CFI\0007665 
942 |2 ddc  |c BK  |n 0 
952 |0 0  |1 0  |4 0  |6 DOC_709_370000000000000_BIA  |7 0  |9 15303  |a BO  |b BO  |d 2026-01-15  |i 14327  |l 0  |o DOC 709.37 BIA  |p BO14327  |r 2026-01-15 23:19:02  |w 2026-01-15  |x [Sebina 7] [1 v.]  |y BK  |z 1 v. (7. ed. ma rist. 1995) 
999 |c 13175  |d 13175